Rent control revisited

Bibliographic Details
Main Author: EMS, J.D
Format: Book
Published: 1981
Subjects:

MARC

LEADER 00000cam a2200000 7i4500
001 0000016723
005 20060613.0
040 |a INS 
090 0 0 |a KK266 
100 1 |a EMS, J.D 
245 1 0 |a Rent control revisited   |c J.D EMS 
260 |a 1981 
300 |a 45 p ;   |c 30 cm. 
650 0 0 |a Rent control 
999 |a KK00000623   |b BOOK   |c Open Shelf   |e Default branch 
999 |a KK00000624   |b BOOK   |c Open Shelf   |e Default branch